A short Introduction to Social Research/ (Record no. 155086)

MARC details
000 -LEADER
fixed length control field 00563nam a22001817a 4500
003 - CONTROL NUMBER IDENTIFIER
control field dpl
005 - DATE AND TIME OF LATEST TRANSACTION
control field 20180729110644.0
008 - FIXED-LENGTH DATA ELEMENTS--GENERAL INFORMATION
fixed length control field 180729b xxu||||| |||| 00| 0 eng d
020 ## - INTERNATIONAL STANDARD BOOK NUMBER
International Standard Book Number 818296454
Terms of availability 420.00
040 ## - CATALOGING SOURCE
Original cataloging agency DPL
Language of cataloging EN
Transcribing agency 0
082 ## - DEWEY DECIMAL CLASSIFICATION NUMBER
Classification number 300.72
100 ## - MAIN ENTRY--PERSONAL NAME
Personal name Henn, Matt
245 ## - TITLE STATEMENT
Title A short Introduction to Social Research/
Statement of responsibility, etc by Matt Henn, Mark Weinstein [and] Nick Foard
260 ## - PUBLICATION, DISTRIBUTION, ETC. (IMPRINT)
Place of publication, distribution, etc New Delhi
Name of publisher, distributor, etc Vistaar Publications
Date of publication, distribution, etc 2006
300 ## - PHYSICAL DESCRIPTION
Extent x,285p;
Dimensions 22cm.(pbk)
500 ## - GENERAL NOTE
General note includes index, bibliography
942 ## - ADDED ENTRY ELEMENTS (KOHA)
Source of classification or shelving scheme Dewey Decimal Classification
Koha item type English Books
Classification part 300.72
Call number suffix HEN
Holdings
Withdrawn status Lost status Source of classification or shelving scheme Damaged status Not for loan Collection code Home library Current library Date acquired Source of acquisition Cost, normal purchase price Total Checkouts Full call number Barcode Date last seen Cost, replacement price Price effective from Koha item type
    Dewey Decimal Classification     Non-fiction Patel Nagar Patel Nagar 29/07/2018 BPPD/Pub 420.00   300.72 HEN B-224899 29/07/2018 420.00 29/07/2018 English Books

© Delhi Public Library
Hit Counter
free hit counter